| 000 | 00425ntaaa2200181 4500 | ||
|---|---|---|---|
| 003 | 01 | ||
| 005 | 20251027203000.0 | ||
| 008 | 0714s1973 ag 01 | ||
| 040 |
_aAR-BaBN _bspa _cAR-BaBN _eaacr _dRIC |
||
| 082 | _a982.0850 U | ||
| 100 |
_aUriburu, José F _930776 |
||
| 245 | _aLa obra de la revolucion | ||
| 250 | _a1 ed. | ||
| 260 |
_aBuenos Aires, _cs.f. |
||
| 300 | _a212 p | ||
| 650 | _aArgentina-historia | ||
| 942 | _cBK | ||
| 999 |
_c25217 _d25217 |
||